00547nam a2200145 a 4500008004100000050001500041110005700056245010300113260007800216300001900294350000900313650003300322650002400355650002200379090930s2001 ||||||||||||||||| || u aUN-ECA(02) aUnited Nations Economic Commission For Africa(UNECA)10aTransforming Africa's economies overviewcby United Nations Economic Commission for Africa (UNECA) aAddis Ababa :bUNITED NATIONS ECONOMIC COMMISSION FOR AFRICA(UNECA)c2001 aiv, 58p. : ill a0.00 aECONOMIES, AFRICAN ECONOMIES aREFORMING ECONOMIES aAFRICAN ECONOMIES